000 00511nam a2200205Ia 4500
003 OSt
005 20250901184146.0
008 210423s2005 xx 000 0 und d
040 _cAL
041 _aEnglish
082 _a331
_bBARI
100 _aBarthwal R R
_9123272
245 _aIndustrial economics
260 _aNew Delhi
_bNew Age International
_c2005
365 _cINR
650 _aEconomics
_9123273
650 _aLabour Economics
_9123274
906 _aeconomics ; Industrial
942 _2ddc
_cBK
999 _c174245
_d174245